Hamilton - Name the Interaction - Statistics

General Stats
  • This quiz has been taken 73 times
  • The average score is 8 of 10
Answer Stats
Line Response Song % Correct
For this to succeed, there is someone else we need I know Guns and Ships
100%
Schuyler? My sister Satisfied
100%
Burr, you disgust me Ah, so you've discussed me The Schuyler Sisters
95%
I promise that I'll make y'all proud Let's get this guy in front of a crowd My Shot
94%
Just give him what he wants are you can have me I don't want you Say No to This
92%
She's married to a British officer Oh shit The Story of Tonight - Reprise
90%
You punched the bursar? Yes! Aaron Burr, Sir
89%
If you could marry a sister, you're rich, son Is it a question of if, Burr, or which one? A Winter's Ball
89%
Where are you taking me? I'm about to change your life Helpless
89%
Uh, who provided those funds? France Cabinet Battle #2
88%
Why do you have to say goodbye? If I say goodbye, the nation learns to move on One Last Time
88%
Is that a yes? Um... yes We Know
88%
I have an early meeting out of town It's still dark outside Best of Wives and Best of Women
86%
Run away with us for the summer, let's go upstate Eliza, I've got so much on my plate Take a Break
86%
So what happens if we win? I go back to France, I bring freedom to my people if I'm given the chance Yorktown (The World Turned Upside Down)
86%
He lost a lot of blood on the way over Is he alive? Stay Alive - Reprise
85%
So he's doubled the size of our government Wasn't the problem with much of our previous government size? Washington on Your Side
85%
Son, I need you alive Call me son one more time! Meet Me Inside
82%
Let's have another round tonight Raise a glass to freedom The Story of Tonight
81%
Weehawken, dawn; guns, drawn You're on Your Obedient Servant
81%
Alexander, please! Burr, I'd rather be divisive than indecisive Farmer Refuted
79%
Daddy's gonna find out any minute I'm sure he already knows Schuyler Defeated
79%
God, you're a fox And y'all look pretty good in your frocks Blow Us All Away
78%
And all he had to do was die Yeah, that's a lot less work The Room Where It Happens
75%
That's all you had to say Okay Non-Stop
74%
Hamilton is a host unto himself As long as he can hold a pen, he's a threat The Adams Administration
73%
Where have you been? Uh, France What'd I Miss?
73%
Don't laugh Who is it? The Election of 1800
71%
But there's so many of them I'm sorry, is this not your speed? Stay Alive
70%
These Virginians are birds of a feather Young man, I'm from Virginia Cabinet Battle #1
69%
Your Excellency, sir! Who are you? Right Hand Man
69%
Someone who understands what I'm struggling here to do I'm not here for you The Reynolds Pamphlet
62%
You should have told me I'm not sorry That Would Be Enough
54%
Alexander Aaron Burr, sir Ten Duel Commandments
29%
No matching quizzes found
Score Distribution
Percent of People with Each Score
Percentile by Number Answered
Your Score History
You have not taken this quiz